000 01456nam a2200373 i 4500
001 57251
003 CO-BoRNBP
005 20250606163332.0
007 ta
008 210917t2014 sp a br 000 0bspa d
020 _a9788434228214
040 _aCO-BoRNBP
_bspa
_erda
_cCO-BoRNBP
041 0 _aspa
082 0 4 _a928.31
_bS31a
_223
100 1 _aAlexandri, Ferran
_eautor
_934619
245 1 0 _aMe llamo... Shakespeare
_cFerran Alexandri ; ilustraciones Violeta Monreal
246 3 4 _aShakespeare
250 _aQuinta edición
264 4 _aBadalona, España
_bParramón Paidotribo
_cc2014
300 _a64 páginas
_bilustraciones
_c22 cm
336 _atexto
_btxt
_2rdacontent
337 _asin mediación
_bn
_2rdamedia
338 _avolumen
_bnc
_2rdacarrier
490 0 _aMe llamo...
500 _aIncluye cronología de la historia, ciencia y artes en el mundo durante el período comprendido entre 1558 y 1620
520 _aRecomendado para un público infantil mayor de 9 años
521 _aRecomendado para un público infantil mayor de 9 años
600 1 4 _aShakespeare, William
_d1564-1616
_xLiteratura infantil
_vBiografías
_960116
650 0 4 _aEscritores ingleses
_ySiglo XVI
_vBiografias
_2LEMB
_960117
650 0 0 _aLiteratura inglesa
_ySiglo XVI
_vBiografías
_2LEMB
_960118
650 0 0 _aTeatro ingles
_xHistoria
_ySiglo XVI
_vBiografías
_2LEMB
_960119
700 1 _aMonreal, Violeta,
_d1963- ,
_eilustradora
_960120
942 _2ddc
_cBKINF
999 _c57251
_d57251